000 00491nam a22001697a 4500
003 BD-DhUL
005 20171109122655.0
008 171109snd. ii ||||| |||| 00| 0 per d
040 _aBD-DhUL
_cBD-DhUL
082 _a891.551
_bFAD
100 1 _aفریابی، ظہیر
245 0 _aدیوان ظہیر فاریابی /
_cظہیر فاریابی
260 _aکنپور :
_bمطبع فیض،
_c۔
300 _aص۔ ۱۲۷ ؛
_c۲۴ سم۔
650 0 _aPersian poetry
942 _2ddc
_cBK
999 _c231856
_d231856